000 00657nam a2200217Ia 4500
005 20250508164724.0
008 008 250505s9999 xx 000 0 eng d
037 _aTextual
040 _aFEDL
_beng
_cFEDL
041 _aeng
_2eng
084 _a370.15, STE
_qFEDL
100 _aSternberg Rober J Ed.
_9778982
245 0 _aIntelligence, instruction, and assessment : Theory into practice
260 _aLondon, UK
_bLawrence Erlbaum Associates, Publishers
_c1998
300 _a246p.
365 _aUSD
_b29.95
546 _aMACESE
700 _a Williams Wendy M Ed.
_9778983
942 _cTEXL
_h370.15, STE
999 _c1390764
_d1390764